| 000 | 00580pam a2200205 a 4500 | ||
|---|---|---|---|
| 020 | _a0070720738 (acidfree paper) | ||
| 040 | _cDLC | ||
| 082 | 0 | 0 | _a808 MCG 1995 A092 Or. |
| 100 | 1 | _aWright, Roberta. | |
| 245 | 1 | 0 | _aCrossing boundaries / |
| 260 |
_aNew York : _bMcGraw-Hill, _cc1995. |
||
| 300 |
_axvi, 396 p. : _bill. ; _c24 cm. |
||
| 500 | _aIncludes index. | ||
| 650 | 0 | _aEnglish language | |
| 650 | 0 | _aEnglish language | |
| 650 | 0 | _aCollege readers. | |
| 700 | 1 | _aWilliams, Lynda. | |
| 856 | 4 | 2 | _uhttp://www.loc.gov/catdir/description/mh022/94034479.html |
| 942 | _cEK | ||
| 999 |
_c11867 _d11867 |
||